|
|
|
|
| LEADER |
00000nab a2200000 a 4500 |
| 001 |
vtls000294613 |
| 003 |
SK-MaSNL |
| 005 |
20260304062019.0 |
| 008 |
250422c1987 xo 0 slo |
| 015 |
|
|
|a SNBRB19rr/mm-uuuuu
|
| 035 |
|
|
|a CL0304732
|
| 035 |
|
|
|a urn:nbn:sk:snk-ab2jyo
|
| 035 |
|
|
|a (urnnbn)urn:nbn:sk:snk:ar-a02izd
|
| 035 |
|
|
|a (uuid)01e7510f-abce-4a27-952f-ff086ccba377
|
| 040 |
|
|
|a SNKBUCL
|b slo
|c SNKBUCL
|e AACR2
|
| 041 |
0 |
|
|a slo
|
| 044 |
|
|
|a xo
|c SK
|
| 080 |
|
|
|a 23/28
|2 1981
|
| 080 |
|
|
|a 211.5
|2 1981
|
| 080 |
|
|
|a 37
|2 1981
|
| 100 |
1 |
|
|a Macková, Jana
|4 aut
|9 572786
|
| 245 |
1 |
0 |
|a Konferencia o aktivitách súčasného klerikalizmu a úlohách vedeckoateistickej výchovy
|c Jana Macková
|
| 650 |
0 |
7 |
|a klerikalizmus
|2 snkbucl
|9 4711
|
| 650 |
0 |
7 |
|a výchova vedeckoateistická
|2 snkbucl
|9 922474
|
| 655 |
|
7 |
|a články z novín a časopisov
|2 snkbucl
|9 267496
|
| 773 |
0 |
|
|t Ateizmus
|g Roč. 15, č. 3 (1987), s. 305-310
|
| 850 |
|
|
|a Slovenská národná knižnica
|
| 852 |
|
|
|a Slovenská národná knižnica
|
| 954 |
|
|
|a odborná, vedecká literatúra pôvodná (slovenská)
|2 lita
|
| 957 |
|
|
|a 5407
|
| 958 |
|
|
|a article2022
|
| 958 |
|
|
|a RK
|
| 958 |
|
|
|a OND
|
| 958 |
|
|
|a EUIPO
|
| 992 |
|
|
|a RBX
|
| 999 |
|
|
|c 2736110
|d 2738040
|